Datum a čas kvízu
32
Celkem bodů
Celkový počet nahraných bodů na tomto kvízu bez doplňovacích otázek.
6.
Pořadí na kvízu
Konečné umístění týmu na tomto kvízu.
Zaznamenané odpovědi
| # | Otázka | Odpověď | Body | Výsledky |
|---|---|---|---|---|
| 1. | Společnost Lidl oznámila, že s... | Na Příkopě | 1 | |
| 2. | V uplynulém týdnu odstartovala... | Donald Trump | 1 | |
| 3. | Jak zní název nového krimináln... | Šéfka | 1 | |
| 4. | V pondělí představila společno... | příchuť vesmíru | 1 | |
| 5. | Jak se jmenuje tenista, který... | Jiří Veselý | 1 | |
| 6. | Začneme z našeho pohledu nejzn... | Bylo mu 38 let. (Uznáváme 36–40 let.) | 0 | |
| 7. | Na Adolfa Hitlera bylo spáchán... | Stauffenberg | 1 | |
| 8. | Fanny Kaplanová byla ruskou po... | B | 0 | |
| 9. | Napište jméno kladenského rodá... | Antonín Čermák, Franklin D. Roosevelt | 0.5 | |
| 10. | Poslední bod tohoto tématu roz... | Bénazír Bhuttová, Pákistán | 0 |